Red Star Belgrade squad 1990/91 Quiz - Statistics

General Stats
  • This quiz has been taken 156 times
  • The average score is 11 of 17
Answer Stats
Hint Answer % Correct
CM # 7 Robert Prosinečki
96%
BF # 9 Darko Pančev
95%
AM # 10 Dejan Savićević
90%
LM # 8 Siniša Mihajlović
88%
GK # 1 Stevan Stojanović
86%
SW # 5 Miodrag Belodedić
85%
RM # 11 Dragiša Binic
78%
Coach Ljupko Petrović
75%
CM # 2 Vladimir Jugović
75%
RB # 4 Refik Šabanadžović
68%
LB # 6 Ilija Najdoski
67%
CB # 3 Slobodan Marović
58%
FW # 16 Vladan Lukić
45%
MF #15 Vlada Stošic
45%
RM # 12 Milić Jovanović
28%
DF # 14 Rade Tošić
24%
DF # 13 Ivica Momčilović
20%
No matching quizzes found
Score Distribution
Percent of People with Each Score
Percentile by Number Answered
Your Score History
You have not taken this quiz